Volokonnyje svetovody dľa peredači informacii = Optical fifers for transmision
Gespeichert in:
| 1. Verfasser: | |
|---|---|
| Format: | Buch |
| Sprache: | Russisch |
| Veröffentlicht: |
Moskva :
Radio i svjaz,
1983
|
| Tags: |
Keine Tags, Fügen Sie das erste Tag hinzu!
|
MARC
| LEADER | 00000nam a22000003a 4500 | ||
|---|---|---|---|
| 001 | stu87275 | ||
| 005 | 20150617225628.9 | ||
| 008 | 040528s1983------------------------rus-d | ||
| 040 | |a STU |b slo | ||
| 041 | 0 | |a rus | |
| 080 | |a 621.372.8 | ||
| 080 | |a 621.391.63 | ||
| 100 | 1 | |a Midwinter, John E. |4 aut | |
| 245 | 1 | |a Volokonnyje svetovody dľa peredači informacii = Optical fifers for transmision | |
| 260 | |a Moskva : |b Radio i svjaz, |c 1983 | ||
| 300 | |a 335 s | ||
| 996 | |b E55427 |c E*55427 |l EE05 |s P |a 0 |w stu87275_0001 | ||